LEADER 00998cam0-22003731i-450- 001 990004674940403321 005 20080229114405.0 010 $a88-15-05078-7 035 $a000467494 035 $aFED01000467494 035 $a(Aleph)000467494FED01 035 $a000467494 100 $a19990604d1995----km-y0itay50------ba 101 0 $aita 102 $aIT 105 $ay-------001yy 200 1 $aLibro della memoria e della speranza$fRemo Bodei 210 $aBologna$cil Mulino$d1995 215 $a64 p.$d18 cm 225 1 $aTendenze$v2 610 0 $aStoria$aConcetto 676 $a901 700 1$aBodei,$bRemo$f<1938- >$0120672 801 0$aIT$bUNINA$gRICA$2UNIMARC 901 $aBK 912 $a990004674940403321 952 $aP.1 P 282$bDip.Fil.2357$fFLFBC 952 $aXI G B 50 (3)$b596$fDFD 952 $aCOLLEZ. 1641 (2)$b25375$fFSPBC 959 $aFLFBC 959 $aDFD 959 $aFSPBC 996 $aLibro della memoria e della speranza$9555061 997 $aUNINA